000 00358 a2200169 4500
001 192129
020 _a85-16-00416-3
040 _cMagnum
100 _aBrandao, Maria do Carmo
240 1 0 _aO marido da mãe
_lpor
245 1 0 _aO marido da mãe
300 _a29
362 0 _a1990
440 1 _aModerna
697 _aLITERATURA JUVENIL
942 _cBK
999 _c192129
_d192129